Love @ 13,500 ft / (Record no. 77557)

MARC details
000 -LEADER
fixed length control field 00490nam a22001817a 4500
005 - DATE AND TIME OF LATEST TRANSACTION
control field 20130716154035.0
010 ## - LCCN (DPL NO)
LC control number ENG-108027
020 ## - INTERNATIONAL STANDARD BOOK NUMBER
Terms of availability 175.00
International Standard Book Number 9789381588703
035 ## - SYSTEM CONTROL NUMBER
System control number EN-91560
037 ## - SOURCE OF ACQUISITION
Source of stock number/acquisition DBAD/PUB
082 ## - DEWEY DECIMAL CLASSIFICATION NUMBER
Classification number N
100 ## - MAIN ENTRY--PERSONAL NAME
Personal name Saini, Deepanshu
245 00 - TITLE STATEMENT
Title Love @ 13,500 ft /
Statement of responsibility, etc by Deepanshu Saini
260 ## - PUBLICATION, DISTRIBUTION, ETC. (IMPRINT)
Place of publication, distribution, etc New Delhi
Name of publisher, distributor, etc V & S Publishers
Date of publication, distribution, etc 2012
270 ## - ADDRESS
Address F-2 /16, Ansari Road, Daryaganj
City New Delhi
Postal code 110002
300 ## - PHYSICAL DESCRIPTION
Extent 135p.
Dimensions 16cm(pbk)
942 ## - ADDED ENTRY ELEMENTS (KOHA)
Source of classification or shelving scheme Dewey Decimal Classification
Item type English Books
Call number suffix SAI
Classification part N
Holdings
Withdrawn status Lost status Not for loan Collection code Home library Current library Date acquired Source of acquisition Cost, normal purchase price Full call number Barcode Copy number Cost, replacement price Koha item type
    Not For Loan Fiction D.B.Act.Division D.B.Act.Division 16/07/2013 DBAD / PUB 175.00 NSAI EN-91560 1 175.00 English Books

© Delhi Public Library
Hit Counter
free hit counter